00422 a2200157 4500003000400000005001700004008004100021020001500062040000900077082001800086100002200104245006700126250001200193260004900205300001000254OSt20240118102739.0240118b |||||||| |||| 00| 0 eng d a8172046987 coclc a340.59bQAR/I aQaradawi, Yusuful aIslamika Shari'ath: Thathwavum Prayogavum /cYoosuful Qaradavi a1st ed. aKozhikode:bIslamic Publishing House,c2001. a128p.